000 00535nam a2200193Ia 4500
003 GCL
008 140319s9999 xx 000 0 eng d
040 _aGCL /
_cGCL
082 0 4 _a973.9
_bM U
100 1 _aMITCHELL, JEREMY
245 1 0 _aTHE UNITED STATES IN THE TWENTIETH CENTUREY: CULTURE /
_cMITCHELL, JEREMY
700 1 _aMAIDMENT, RICHARD
260 _a[S.N] :
_bHODDER AND STOUGHTON ،
_c1994
300 _a328 P
650 0 4 _aUNITED STATES
650 0 4 _aالبنوك-النقود
650 0 4 _aCULTURE
942 _2ddc
_cBK
999 _c24641
_d24641